000 00262nam a2200097Ia 4500
001 1251706
005 20251031150920.0
008 251031s9999 xx 000 0 und d
245 0 _cALEX HİRSCH
_aŞ-1 ESRARENGİZ KASABA KAYIP EFSANELER
260 _bBETA YAYINLARI
999 _c1251706
_d1251706